01494nam a2200337Ia 4500001001200000003000800012006001900020007001500039008004100054020003200095040002100127035002100148050002400169082001600193100002100209245016400230260006000394300001400454500005300468504005200521533015200573650004200725650003800767650003000805650004100835655002900876710001700905711009100922856012601013999001701139ebr10056955CaPaEBRm u cr cn|||||||||030815s2002 dcu sb f000 0 eng d z030952900X (electronic bk.) aCaPaEBRcCaPaEBR a(OCoLC)61493581014aHV6432b.D46 2002eb04a363.3/22211 aDemuth, Julie L.10aCountering terrorismh[electronic resource] :blessons learned from natural and technological disasters /cby Julie L. Demuth ; forward by Rutherford H. Platt. aWashington, DC :bNational Academy of Sciences,cc2002. avi, 30 p. a"A summary to the Natural Disasters Roundtable." aIncludes bibliographical references (p. 16-18). aElectronic reproduction.bPalo Alto, Calif. :cebrary,d2009.nAvailable via World Wide Web.nAccess may be limited to ebrary affiliated libraries. 0aTerrorismzUnited StatesxPrevention. 0aNatural disasterszUnited States. 0aDisasterszUnited States. 0aEmergency managementzUnited States. 7aElectronic books.2local2 aebrary, Inc.2 aNatural Disasters Roundtable Forum on Countering Terrorismd(2002 :cWashington, D.C.)40uhttp://site.ebrary.com/lib/rucke/Doc?id=10056955zAn electronic book accessible through the World Wide Web; click to view c70473d70473